000
00320nam a2200145Ia 4500
008
191201s2005 xx 000 0 und d
082
_a
620.1
_b
MOF
100
_a
MOHANTY, A K
245
0
_a
Fluid Mechanics
250
_a
2nd
260
_a
N.Delhi
_b
PHI
_c
2005
300
_a
530
650
_a
B.Tech(ME)
942
_2
ddc
_c
BK
999
_c
2067
_d
2067